Datum a čas kvízu
28
Celkem bodů
Celkový počet nahraných bodů na tomto kvízu bez doplňovacích otázek.
11.
Pořadí na kvízu
Konečné umístění týmu na tomto kvízu.
Zaznamenané odpovědi
| # | Otázka | Odpověď | Body | Výsledky |
|---|---|---|---|---|
| 1. | Který sběratelský předmět byl... | poštovní známka | 0 | |
| 2. | V úterý se v jisté evropské mo... | Španělsko, princezna Leonor | 0 | |
| 3. | Ve čtvrtek měla premiéru horor... | Přišla v noci | 1 | |
| 4. | Minulý týden otevřel jistý ame... | Popeye's | 0 | |
| 5. | Že v sobotním vyhlašování anke... | Tomáš Staněk | 1 | |
| -14. | O které významné ženě 18. stol... | o Marii Antoinettě | 1 | |
| -13. | Ze dřeva kterého stromu bývají... | z dubového dřeva | 1 | |
| -12. | Jak se slovem začínajícím na p... | enologie | 1 | |
| -11. | Vinařská oblast Čechy se dělí... | litoměřickou | 1 | |
| -10. | Snaha zabránit plýtvání při zp... | grappa | 1 |